000 00469nam a2200181Ia 4500
005 20250508151457.0
008 008 250505s9999 xx 000 0 eng d
037 _aTextual
040 _aFEDL
_beng
_cFEDL
041 _aeng
_2eng
084 _aFH, KNA
_qFEDL
100 _aKhatri S P
245 0 _aSitaro ki barat
260 _aBanaras, India
_bHindi - Pracharak Pustakalya
300 _a32p.
942 _cTEXL
_hFH, KNA
999 _c1330064
_d1330064